000 00265nam a22001097a 4500
008 170105b xxu||||| |||| 00| 0 eng d
020 _a9780763751272
041 _aeng
080 _23RD
_a618.2
245 _aHEALTH POLICY and POLITICS
_cMILSTEAD, J.A
942 _2udc
_cBK
999 _c2551
_d2551